01542 a2200205 45000010006000000050017000060080041000230030015000640400040000790800100001192450062002190200022002812500012003032640032003153000019003475050836003660410008012021000031012108560095012414351420260407155717.0260407a2012 arg spa dAR-UNSa-BCEJYS aAR-UNSa-BCEJYSbspacAR-UNSa-BCEJYS a174:65xEtica en gestión y organización de la industria (Responsabilidad Social Empresaria)10aResponsabilidad social corporativapteoría y práctica a978-607-707-684-1 a2a. ed. 1aMéxico :bAlfaomegac2012 a447 p.c23 cm. a1. De la ética a la responsabilidad social corporativa - 2. Los grupos de interés o "stakeholders" - 3. Transparencia y comunicación externa de la RSC - 4. El impulso político de la RSC en España y Europa - 5. Normas y declaraciones internacionales de RSC - 6. Otras normas e iniciativas internacionales de RSC - 7. Consecuencias prácticas de la responsabilidad social - 8. RSC y estrategias comunicativas sociales: el marketing social - 9. La responsabilidad de la ONG´s: el código ético de la CONGDE - 10. Relaciones responsables de empresas y ONG - 11. La responsabilidad de las empresas en el desarrollo humano - 12. RSC, corrupción y soborno internacional - 13. RSC, conflictos armados y desarrollo - 14. Fondos solidarios y fondos éticos - 15. Conclusiones: La RS ha llegado para quedarse - 16. Epílogo aspa1 aNavarro García, Fernando41uhttps://biblioeco.unsa.edu.ar/pmb/images/libros/L126663.jpgyImagen de portadaqimage/jpeg